Ciudades de España de 100 mil por proximidad - Estadísticas

Estadísticas generales
  • Esta prueba ha sido intentada 458 veces
  • La puntuación promedio es 40 de 65
Respuestas en el mapa
Las respuestas están codificadas por una escala verde-roja en el mapa de la prueba según el % correcto abajo.
 
Estadísticas de respuestas
Población Ciudad % Correcto
200 k Alcalá de Henares
94%
121 k Alcobendas
94%
175 k Alcorcón
94%
190 k Fuenlabrada
94%
192 k Getafe
94%
194 k Leganés
94%
3,42 M Madrid
94%
213 k Móstoles
94%
135 k Parla
94%
102 k Rivas-Vaciamadrid
94%
141 k Torrejón de Ardoz
94%
226 k Badalona
80%
1,69 M Barcelona
80%
106 k Gerona
80%
282 k L'Hospitalet de Llobregat
80%
131 k Mataró
80%
110 k Reus
80%
222 k Sabadell
80%
121 k Santa Coloma de Gramanet
80%
141 k Tarragona
80%
228 k Tarrasa
80%
111 k Cádiz
76%
140 k Dos Hermanas
76%
144 k Huelva
76%
215 k Jerez de la Frontera
76%
687 k Sevilla
76%
347 k Bilbao
67%
234 k Granada
67%
102 k Baracaldo
66%
180 k Castellón de la Plana
66%
592 k Málaga
66%
824 k Valencia
66%
257 k Vitoria-Gasteiz
66%
188 k Donostia
63%
151 k Logroño
63%
159 k Marbella
61%
174 k Santander
61%
472 k Murcia
58%
358 k Alicante
57%
219 k Cartagena
57%
242 k Elche
57%
220 k Oviedo
56%
105 k Orense
51%
296 k Vigo
51%
112 k Jaén
49%
270 k Gijón
47%
123 k León
47%
108 k Roquetas de Mar
45%
438 k Palma de Mallorca
44%
325 k Córdoba
43%
691 k Zaragoza
43%
300 k Valladolid
39%
249 k La Coruña
37%
125 k Algeciras
35%
202 k Almería
34%
161 k La Laguna
33%
384 k Las Palmas
33%
210 k Santa Cruz
33%
104 k Telde
32%
208 k Pamplona
28%
177 k Burgos
19%
145 k Lérida
18%
144 k Salamanca
18%
151 k Badajoz
14%
174 k Albacete
13%
No se encontraron pruebas coincidentes
Distribución de puntuación
Porcentaje de gente con cada puntuación
Porcentaje por número respondido
Historial de tus puntuaciones
No has intentado esta prueba.